Lectures in probability and statistics : lectures given at the Winter School in Probability and Statistics held in Santiago de Chile
Αποθηκεύτηκε σε:
| Συγγραφή απο Οργανισμό/Αρχή: | |
|---|---|
| Άλλοι συγγραφείς: | , |
| Μορφή: | Πρακτικό Συνεδρίου Βιβλίο |
| Γλώσσα: | French |
| Δημοσίευση: |
Berlin ; New York :
Springer-Verlag,
c1986
|
| Σειρά: | Lecture notes in mathematics (Springer-Verlag)
; 1215 |
| Θέματα: | |
| Ετικέτες: |
Προσθήκη ετικέτας
Δεν υπάρχουν, Καταχωρήστε ετικέτα πρώτοι!
|
MARC
| LEADER | 00000nam a2200000 i 4500 | ||
|---|---|---|---|
| 001 | 1/64202 | ||
| 008 | 941103s1986 fre d | ||
| 020 | |a 3-540-16822-2 | ||
| 035 | |a 1993 |l 10046924 | ||
| 040 | |a GR-MY-UA |b gre |e aacr | ||
| 041 | 0 | |a fre | |
| 082 | 0 | |a 519.2 | |
| 111 | 0 | |a Winter School in Probability and Statistics |c (Santiago, Chile. | |
| 245 | 1 | 0 | |a Lectures in probability and statistics : |b lectures given at the Winter School in Probability and Statistics held in Santiago de Chile / |c edited by G. del Pino and R. Rebolledo |
| 260 | |a Berlin ; New York : |b Springer-Verlag, |c c1986 | ||
| 300 | |a 491 p.; |b ill.; |c 25 cm. | ||
| 490 | 1 | |a Lecture notes in mathematics (Springer-Verlag) |v ; 1215 | |
| 500 | |a Includes bibliographies | ||
| 650 | 0 | 0 | |a Probabilities. |
| 650 | 0 | 0 | |a Mathematical statistics. |
| 700 | 1 | |a Pino, Guido del |d 1947- |4 edt | |
| 700 | 1 | |a Rebolledo, R. |q (Ronaldo) |d 1949- |4 edt | |
| 830 | 0 | |a Lecture notes in mathematics (Springer-Verlag) |v ; 1215 | |
| 852 | |a INST |b SAMOS |e 19941103 |h 519.2 WIN |p 005300007937 |q 005300007937 |t BK |y 0 | ||
| 909 | |a Σ |b 029085 | ||